| 000 | 00560nam a2200205Ia 4500 | ||
|---|---|---|---|
| 005 | 20230506112419.0 | ||
| 008 | 131103s9999 xx 000 0 und d | ||
| 020 | _aSBN 701115874 | ||
| 040 | _aLoreto College | ||
| 041 | _aEnglish | ||
| 082 |
_a823.91 _bCON-COO |
||
| 100 | _aCooper,Christopher | ||
| 245 |
_aConrad and the human dilemma _cChristopher Cooper |
||
| 260 |
_aLondon _bChatto and Windus _c1970 |
||
| 300 | _a160 p. | ||
| 504 | _aIncludes bibliographical references and index | ||
| 650 | _aEnglish Fiction | ||
| 850 | _aLCLIB | ||
| 942 | _cBK | ||
| 999 |
_c5123 _d55602 |
||